New Tools, Methods and Concepts in Production Management and Logistics

Analýza nových výrobných a logistických nástrojov, metód a konceptov v manažmente výroby a logistike vybraného podniku. Kaizen, metóda 5S, štíhla výroba, RFID technológia, metóda FMEA (analýza možných chýb a ich následkov) a metodika Six Sigma. Úlohy moderného manažmentu výroby a logistiky.

Na minha lista:
Detalhes bibliográficos
Autor principal: Richnák, Patrik, 1988-
Outros Autores: Ďuriš, Erik
Formato: Capítulo de Livro
Idioma:eslovaco
Assuntos:
Tags: Adicionar Tag
Sem tags, seja o primeiro a adicionar uma tag!

MARC

LEADER 00000naa$a2200000$$$4500
001 0270010
005 20240521100326.8
041 0 |a slo 
044 |a PL 
245 1 0 |a New Tools, Methods and Concepts in Production Management and Logistics  |c Patrik Richnák, Erik Ďuriš 
520 |a Analýza nových výrobných a logistických nástrojov, metód a konceptov v manažmente výroby a logistike vybraného podniku. Kaizen, metóda 5S, štíhla výroba, RFID technológia, metóda FMEA (analýza možných chýb a ich následkov) a metodika Six Sigma. Úlohy moderného manažmentu výroby a logistiky. 
610 2 0 |a výroba 
610 2 0 |a logistika 
610 2 0 |a produkcia 
610 2 0 |a nástroje výrobné 
610 2 0 |a manažment 
100 1 |a Richnák, Patrik, 1988- 
700 1 |a Ďuriš, Erik